[Event "CYCC U16"]
[Site "Sault Ste Marie CAN"]
[Date "2017.07.07"]
[Round "4.18"]
[White "Horner, Blake"]
[Black "Wu, Chenxi"]
[Result "0-1"]
[WhiteElo "1161"]
[BlackElo "1904"]
[WhiteFideId "-1"]
[WhiteFideId "-1"]
[PlyCount "60"]
[GameId "2160767908410664"]
[EventDate "2017.07.06"]
[EventType "swiss"]
[EventRounds "7"]
[EventCountry "CAN"]
[SourceTitle "hb 2017"]

1. e4 c5 2. Nf3 d6 3. d4 cxd4 4. Nxd4 Nf6 5. Nc3 g6 6. Be3 Bg7 7. Bc4 Nc6 8. Nxc6 bxc6 9. Qd2 O-O 10. Bh6 Bb7 11. Bxg7 Kxg7 12. O-O-O Qc7 13. h4 h5 14. f4 d5 15. Bd3 d4 16. e5 dxc3 17. exf6+ exf6 18. Qxc3 Qxf4+ 19. Kb1 Qe5 20. Qd2 c5 21. Rhf1 Rab8 22. Rde1 Qd4 23. c3 Qxh4 24. Re7 Rfe8 25. g3 Qxg3 26. Rxf7+ Kxf7 27. Bc4+ Kg7 28. Qd7+ Kh6 29. Rxf6 Be4+ 30. Bd3 Bxd3+ 0-1

[Event "CYCC U16"]
[Site "Sault Ste Marie CAN"]
[Date "2017.07.07"]
[Round "4.19"]
[White "Guan, Zi Yu"]
[Black "Chertkow, Matthew"]
[Result "1/2-1/2"]
[WhiteElo "1478"]
[BlackElo "1448"]
[WhiteFideId "-1"]
[WhiteFideId "-1"]
[PlyCount "58"]
[GameId "2160767908410665"]
[EventDate "2017.07.06"]
[EventType "swiss"]
[EventRounds "7"]
[EventCountry "CAN"]
[SourceTitle "hb 2017"]

1. e4 c5 2. Nf3 d6 3. d4 cxd4 4. Nxd4 Nf6 5. Nc3 g6 6. Bc4 Bg7 7. Be3 O-O 8. f3 Bd7 9. Qd2 Nc6 10. O-O-O Rc8 11. Bb3 e6 12. Nde2 Ne8 13. Nb5 Qf6 14. Nec3 d5 15. exd5 exd5 16. Bxd5 a6 17. Bg5 Qe5 18. Rde1 Qb8 19. Bxc6 Bxc6 20. Nd4 Nf6 21. Nb3 b5 22. Qf4 Qxf4+ 23. Bxf4 Rfd8 24. Rd1 Rxd1+ 25. Rxd1 b4 26. Ne2 Nd5 27. Bd2 Be5 28. g3 Ba4 29. f4 Bf6 1/2-1/2

[Event "CYCC U16"]
[Site "Sault Ste Marie CAN"]
[Date "2017.07.07"]
[Round "4.20"]
[White "Li, Eric M"]
[Black "Butchart, Brian"]
[Result "1-0"]
[WhiteElo "1992"]
[BlackElo "1248"]
[WhiteFideId "-1"]
[WhiteFideId "-1"]
[PlyCount "106"]
[GameId "2160767908410666"]
[EventDate "2017.07.06"]
[EventType "swiss"]
[EventRounds "7"]
[EventCountry "CAN"]
[SourceTitle "hb 2017"]

1. d4 Nf6 2. Bf4 g6 3. Nf3 Bg7 4. e3 d6 5. h3 Nbd7 6. Be2 O-O 7. O-O Nh5 8. Bh2 e5 9. c3 Qe7 10. Na3 f5 11. Rc1 Nhf6 12. b4 Ne8 13. Qb3+ Kh8 14. Nc4 g5 15. dxe5 dxe5 16. Rcd1 g4 17. hxg4 fxg4 18. Ne1 Qh4 19. Bg3 Qh5 20. f3 gxf3 21. Nxf3 Qh6 22. Nfxe5 Rxf1+ 23. Kxf1 Nxe5 24. Nxe5 Nd6 25. Rxd6 Qh1+ 26. Kf2 Be6 27. Rxe6 Rf8+ 28. Nf3 Qh5 29. Re4 Qg6 30. Qe6 Bf6 31. Rg4 Qh5 32. Rg8+ Rxg8 33. Qxf6+ Rg7 34. Qf8+ Rg8 35. Qf6+ Rg7 36. Be5 Qg6 37. Qxg7+ Qxg7 38. Bxg7+ Kxg7 39. e4 Kf6 40. Ke3 c6 41. Kd4 b6 42. e5+ Ke6 43. Bc4+ Ke7 44. e6 Kd6 45. a4 c5+ 46. bxc5+ bxc5+ 47. Ke4 a5 48. g4 h6 49. Nh4 Ke7 50. Nf5+ Kf6 51. e7 h5 52. e8=Q hxg4 53. Kf4 g3 1-0

[Event "CYCC U16"]
[Site "Sault Ste Marie CAN"]
[Date "2017.07.07"]
[Round "4.21"]
[White "Fox, Dylan"]
[Black "Saine, Zachary"]
[Result "0-1"]
[WhiteElo "1270"]
[BlackElo "1966"]
[WhiteFideId "-1"]
[WhiteFideId "-1"]
[PlyCount "62"]
[GameId "2160767908410667"]
[EventDate "2017.07.06"]
[EventType "swiss"]
[EventRounds "7"]
[EventCountry "CAN"]
[SourceTitle "hb 2017"]

1. e4 e5 2. Nf3 Nc6 3. Bc4 Be7 4. c3 Nf6 5. d3 d6 6. h3 Na5 7. Bb5+ c6 8. Ba4 b5 9. Bc2 O-O 10. d4 Qc7 11. a4 a6 12. Nbd2 Be6 13. Ng5 Bd7 14. b4 Nb7 15. Nf1 c5 16. bxc5 dxc5 17. d5 c4 18. Be3 Nc5 19. a5 h6 20. h4 Rfb8 21. Nd2 Nd3+ 22. Bxd3 cxd3 23. Bb6 Qxc3 24. Rc1 Qb2 25. Ngf3 Rc8 26. O-O Bd6 27. Ne1 Rxc1 28. Qb3 Qxd2 29. Be3 Qd1 30. Qb2 Rb1 31. Qa2 Bb4 0-1

[Event "CYCC U16"]
[Site "Sault Ste Marie CAN"]
[Date "2017.07.07"]
[Round "4.22"]
[White "Java, Jose"]
[Black "Rashid, Kaden"]
[Result "0-1"]
[WhiteElo "1005"]
[BlackElo "987"]
[WhiteFideId "-1"]
[WhiteFideId "-1"]
[PlyCount "126"]
[GameId "2160767908410668"]
[EventDate "2017.07.06"]
[EventType "swiss"]
[EventRounds "7"]
[EventCountry "CAN"]
[SourceTitle "hb 2017"]

1. e4 c5 2. Nc3 e6 3. Nf3 g6 4. d4 cxd4 5. Qxd4 Nf6 6. Bg5 Bg7 7. e5 Nc6 8. Qf4 Nh5 9. Bxd8 Nxf4 10. Bf6 Bxf6 11. exf6 Nh5 12. Nb5 O-O 13. Nd6 Nxf6 14. Nxc8 Raxc8 15. O-O-O Nb4 16. c3 d5 17. Bd3 Nxd3+ 18. Rxd3 Ne4 19. Rf1 b5 20. Nd4 b4 21. f3 Nd6 22. Kd2 bxc3+ 23. Rxc3 Rxc3 24. Kxc3 Rc8+ 25. Kd3 Kg7 26. a4 Kf6 27. Nb5 Nxb5 28. axb5 Rb8 29. b4 Rxb5 30. Ra1 Rxb4 31. Rxa7 Rb2 32. g4 Rxh2 33. f4 h6 34. g5+ hxg5 35. fxg5+ Kg7 36. Ke3 Rh8 37. Rd7 Rh3+ 38. Kf4 Rd3 39. Ke5 Rd1 40. Rd6 d4 41. Rxd4 Rxd4 42. Kxd4 f6 43. gxf6+ Kxf6 44. Ke4 g5 45. Kf3 Kf5 46. Kg3 Ke4 47. Kg4 Kd3 48. Kxg5 e5 49. Kf5 e4 50. Kf4 e3 51. Kf3 Kd2 52. Ke4 e2 53. Kd4 e1=Q 54. Kd5 Qe3 55. Kc4 Qd3+ 56. Kc5 Kc3 57. Kc6 Kc4 58. Kc7 Qd5 59. Kb6 Qc5+ 60. Ka6 Qb5+ 61. Ka7 Kc5 62. Ka8 Kc6 63. Ka7 Qb7# 0-1

[Event "CYCC U16"]
[Site "Sault Ste Marie CAN"]
[Date "2017.07.07"]
[Round "4.23"]
[White "Zhao, Eric"]
[Black "Larivee, Nathan"]
[Result "1-0"]
[WhiteElo "928"]
[BlackElo "799"]
[WhiteFideId "-1"]
[WhiteFideId "-1"]
[PlyCount "111"]
[GameId "2160767908410669"]
[EventDate "2017.07.06"]
[EventType "swiss"]
[EventRounds "7"]
[EventCountry "CAN"]
[SourceTitle "hb 2017"]

1. d4 d6 2. c4 e5 3. dxe5 dxe5 4. Qxd8+ Kxd8 5. Nc3 Bb4 6. a3 Bxc3+ 7. bxc3 Nf6 8. Bg5 Nbd7 9. e4 Ke8 10. Bd3 Nc5 11. Bxf6 gxf6 12. Bc2 b6 13. Ne2 Ba6 14. O-O Bxc4 15. Rfe1 Ke7 16. Ng3 Rhd8 17. Nf5+ Ke6 18. Ng7+ Ke7 19. Nf5+ Kd7 20. Rad1+ Kc6 21. Ne7+ Kb7 22. Nd5 Bxd5 23. exd5 Rd6 24. c4 Rad8 25. Rd2 a6 26. a4 c6 27. Red1 b5 28. axb5 cxb5 29. cxb5 axb5 30. Bxh7 Nb3 31. Rd3 Nd4 32. Kf1 Rxd5 33. Be4 b4 34. Rxd4 exd4 35. Rxd4 Kb6 36. Rxd5 Rxd5 37. Bxd5 b3 38. Bxb3 Kc6 39. h4 Kd6 40. h5 Ke7 41. g4 Kf8 42. Kg2 Kg7 43. Kf3 Kf8 44. Kg2 Kg7 45. Kg3 Kh6 46. Kf4 Kg7 47. Kf5 Kf8 48. h6 Kg8 49. Kxf6 Kh7 50. g5 Kg8 51. Bc2 Kf8 52. Bb3 Kg8 53. Bxf7+ Kf8 54. Ba2 Ke8 55. h7 Kf8 56. h8=Q# 1-0

[Event "CYCC U16"]
[Site "Sault Ste Marie CAN"]
[Date "2017.07.08"]
[Round "5.14"]
[White "Chen, Richard"]
[Black "Doknjas, Joshua"]
[Result "1/2-1/2"]
[WhiteElo "2330"]
[BlackElo "2197"]
[WhiteFideId "-1"]
[WhiteFideId "-1"]
[PlyCount "80"]
[GameId "2160767908410670"]
[EventDate "2017.07.06"]
[EventType "swiss"]
[EventRounds "7"]
[EventCountry "CAN"]
[SourceTitle "hb 2017"]

1. e4 c5 2. Nf3 d6 3. Bb5+ Nd7 4. O-O a6 5. Bd3 Ngf6 6. Re1 b5 7. c4 Rb8 8. Qe2 Bb7 9. cxb5 axb5 10. Bxb5 Bxe4 11. Nc3 Bb7 12. a4 Ra8 13. d4 Qc7 14. Be3 e6 15. dxc5 dxc5 16. Rad1 Be7 17. Bg5 Bc6 18. Ne5 Nxe5 19. Qxe5 Rc8 20. Bxf6 gxf6 21. Bxc6+ Qxc6 22. Qg3 Kf8 23. Qh4 Rg8 24. Qh6+ Rg7 25. f3 Kg8 26. Ne4 Rg6 27. Qf4 f5 28. Nc3 Qb6 29. Re2 Bf6 30. Nb5 Ra8 31. Qc4 Rd8 32. Red2 Bd4+ 33. Nxd4 cxd4 34. a5 Qxa5 35. Rxd4 Rxd4 36. Qxd4 Qb5 37. Rd2 e5 38. Qd5 Qb6+ 39. Kf1 Qa6+ 40. Kf2 Qb6+ 1/2-1/2

[Event "CYCC U16"]
[Site "Sault Ste Marie CAN"]
[Date "2017.07.08"]
[Round "5.15"]
[White "Bremner, William"]
[Black "Liang, Hairan"]
[Result "0-1"]
[WhiteElo "1104"]
[BlackElo "2186"]
[WhiteFideId "-1"]
[WhiteFideId "-1"]
[PlyCount "52"]
[GameId "2160767908410671"]
[EventDate "2017.07.06"]
[EventType "swiss"]
[EventRounds "7"]
[EventCountry "CAN"]
[SourceTitle "hb 2017"]

1. Nf3 Nf6 2. c4 e6 3. g3 d5 4. d4 Be7 5. Bg2 O-O 6. O-O c6 7. Qc2 Nbd7 8. Nbd2 b6 9. e4 Bb7 10. b3 Rc8 11. Bb2 Qc7 12. Rac1 Qb8 13. Rfd1 Qa8 14. Qb1 c5 15. exd5 exd5 16. dxc5 Bxc5 17. Ne5 Nxe5 18. Bxe5 Ng4 19. Bf4 Bxf2+ 20. Kf1 Bc5 21. Bh3 f5 22. Nf3 dxc4 23. Ng5 Nxh2+ 24. Ke2 Bf3+ 25. Nxf3 Qxf3+ 26. Kd2 Bb4+ 0-1

[Event "CYCC U16"]
[Site "Sault Ste Marie CAN"]
[Date "2017.07.08"]
[Round "5.16"]
[White "Wu, Chenxi"]
[Black "Wang, Jeff"]
[Result "1/2-1/2"]
[WhiteElo "1904"]
[BlackElo "1939"]
[WhiteFideId "-1"]
[WhiteFideId "-1"]
[PlyCount "40"]
[GameId "2160767908410672"]
[EventDate "2017.07.06"]
[EventType "swiss"]
[EventRounds "7"]
[EventCountry "CAN"]
[SourceTitle "hb 2017"]

1. e4 c5 2. Nf3 d6 3. d4 cxd4 4. Nxd4 Nf6 5. Nc3 g6 6. Be3 Bg7 7. f3 O-O 8. Qd2 Nc6 9. O-O-O d5 10. Qe1 e5 11. Nxc6 bxc6 12. exd5 Nxd5 13. Bc4 Be6 14. Ne4 Qc7 15. Bc5 Rfd8 16. h4 h6 17. h5 f5 18. Nf2 g5 19. g4 Qf7 20. Nd3 Qf6 1/2-1/2

[Event "CYCC U16"]
[Site "Sault Ste Marie CAN"]
[Date "2017.07.08"]
[Round "5.17"]
[White "Liu, Lambert"]
[Black "Xu, Jeffrey"]
[Result "1/2-1/2"]
[WhiteElo "2188"]
[BlackElo "2125"]
[WhiteFideId "-1"]
[WhiteFideId "-1"]
[PlyCount "59"]
[GameId "2160767908410673"]
[EventDate "2017.07.06"]
[EventType "swiss"]
[EventRounds "7"]
[EventCountry "CAN"]
[SourceTitle "hb 2017"]

1. e4 e6 2. d4 d5 3. Nd2 Nf6 4. e5 Nfd7 5. Bd3 c5 6. c3 Nc6 7. Ngf3 Be7 8. O-O g5 9. dxc5 g4 10. Nd4 Ncxe5 11. Bb5 Bxc5 12. f4 Nc6 13. N2b3 Nxd4 14. cxd4 Bb6 15. Qxg4 Qf6 16. Kh1 Qg6 17. Qe2 f5 18. Nc5 Bxc5 19. dxc5 Kf7 20. Bxd7 Bxd7 21. Be3 Rhg8 22. Rf2 Qg4 23. Bd4 Qxe2 24. Rxe2 Rg4 25. Rf2 Bb5 26. Rd1 h5 27. b3 h4 28. Rdd2 Rag8 29. a4 Ba6 30. Kg1 1/2-1/2

[Event "CYCC U16"]
[Site "Sault Ste Marie CAN"]
[Date "2017.07.08"]
[Round "5.18"]
[White "Chertkow, Matthew"]
[Black "Li, Eric M"]
[Result "0-1"]
[WhiteElo "1448"]
[BlackElo "1992"]
[WhiteFideId "-1"]
[WhiteFideId "-1"]
[PlyCount "96"]
[GameId "2160767908410675"]
[EventDate "2017.07.06"]
[EventType "swiss"]
[EventRounds "7"]
[EventCountry "CAN"]
[SourceTitle "hb 2017"]

1. e4 c5 2. Nf3 Nc6 3. d4 cxd4 4. Nxd4 Qb6 5. Nb3 Nf6 6. Nc3 e6 7. a3 Be7 8. Be3 Qc7 9. Bd3 a6 10. h3 b5 11. O-O O-O 12. f4 d6 13. Qf3 Bb7 14. Qg3 Kh8 15. Nd4 Rac8 16. Nf3 b4 17. Nd1 bxa3 18. bxa3 Na5 19. Rb1 Nxe4 20. Bxe4 Bxe4 21. Bb6 Qxc2 22. Ne3 Qd3 23. Rfd1 Qxa3 24. Ra1 Qb3 25. Bd4 Bf6 26. Bxf6 gxf6 27. Nd2 Rg8 28. Qxg8+ Rxg8 29. Nxb3 Nxb3 30. Ra3 Nc5 31. Rd2 d5 32. Kh2 Rb8 33. Ng4 Kg7 34. Nf2 Bg6 35. Ra5 Nb3 36. Rb2 Nxa5 37. Rxb8 Nc4 38. Ra8 a5 39. Nd1 Bc2 40. Nc3 d4 41. Nb5 d3 42. Nc3 a4 43. Rd8 d2 44. Rd4 Bb3 45. Kg1 a3 46. Kf2 d1=Q 47. Nxd1 a2 48. Rd3 a1=Q 0-1

[Event "CYCC U16"]
[Site "Sault Ste Marie CAN"]
[Date "2017.07.08"]
[Round "5.19"]
[White "Rashid, Kaden"]
[Black "Zhou, Joey"]
[Result "1/2-1/2"]
[WhiteElo "987"]
[BlackElo "1563"]
[WhiteFideId "-1"]
[WhiteFideId "-1"]
[PlyCount "62"]
[GameId "2160767908410676"]
[EventDate "2017.07.06"]
[EventType "swiss"]
[EventRounds "7"]
[EventCountry "CAN"]
[SourceTitle "hb 2017"]

1. e4 c6 2. d4 d5 3. Nc3 dxe4 4. Nxe4 Nd7 5. Qe2 e6 6. Nf3 Ngf6 7. Nxf6+ Nxf6 8. Bg5 Be7 9. O-O-O Qc7 10. h3 Bd7 11. Kb1 b5 12. g4 a5 13. Qe5 Bd6 14. Qe3 Nd5 15. Qe1 a4 16. c4 bxc4 17. Bxc4 Rb8 18. Rc1 Qb6 19. Rc2 O-O 20. Ne5 Rb7 21. Nxd7 Rxd7 22. Bxd5 cxd5 23. Bd2 Rb8 24. h4 Qb5 25. Rh3 Rc7 26. Rhc3 Rc4 27. Rxc4 dxc4 28. Qc1 a3 29. Bc3 Be7 30. g5 Qa4 31. Ka1 Kf8 1/2-1/2

[Event "CYCC U16"]
[Site "Sault Ste Marie CAN"]
[Date "2017.07.08"]
[Round "5.20"]
[White "Saine, Zachary"]
[Black "Guan, Zi Yu"]
[Result "1/2-1/2"]
[WhiteElo "1966"]
[BlackElo "1478"]
[WhiteFideId "-1"]
[WhiteFideId "-1"]
[PlyCount "57"]
[GameId "2160767908410677"]
[EventDate "2017.07.06"]
[EventType "swiss"]
[EventRounds "7"]
[EventCountry "CAN"]
[SourceTitle "hb 2017"]

1. e4 c5 2. Nf3 d6 3. d4 cxd4 4. Nxd4 Nf6 5. Nc3 e5 6. Nb3 a6 7. Be2 Be7 8. Be3 Be6 9. O-O O-O 10. f4 Qc7 11. f5 Bc4 12. Nd2 Bxe2 13. Qxe2 Nbd7 14. a4 Rfd8 15. a5 Rac8 16. Rfc1 Qc6 17. Qf3 Bf8 18. Ra4 Nc5 19. Rb4 d5 20. Rb6 Qd7 21. Nxd5 Nxd5 22. exd5 Qxd5 23. Qxd5 Rxd5 24. Nf3 Rc7 25. Kf2 Nd7 26. Rb3 Rxa5 27. c4 e4 28. Nd2 Nc5 29. Bxc5 1/2-1/2

[Event "CYCC U16"]
[Site "Sault Ste Marie CAN"]
[Date "2017.07.08"]
[Round "5.21"]
[White "Butchart, Brian"]
[Black "Horner, Blake"]
[Result "0-1"]
[WhiteElo "1248"]
[BlackElo "1161"]
[WhiteFideId "-1"]
[WhiteFideId "-1"]
[PlyCount "70"]
[GameId "2160767908410678"]
[EventDate "2017.07.06"]
[EventType "swiss"]
[EventRounds "7"]
[EventCountry "CAN"]
[SourceTitle "hb 2017"]

1. e4 c5 2. Nc3 d6 3. g3 Nf6 4. Bg2 g6 5. d3 Bg7 6. Nge2 Nc6 7. O-O Bg4 8. h3 Bd7 9. Be3 O-O 10. Qd2 Qc8 11. Kh2 e5 12. f4 Re8 13. g4 Nd4 14. f5 Rf8 15. fxg6 fxg6 16. Rf2 Bxg4 17. hxg4 Nxg4+ 18. Kg1 Nxe3 19. Nxd4 cxd4 20. Rc1 Nxg2 21. Nd5 Qh3 22. Rxf8+ Rxf8 23. Qxg2 Qxg2+ 24. Kxg2 Bh6 25. Rh1 Kg7 26. Nc7 Rc8 27. Ne6+ Kf7 28. Rxh6 Kxe6 29. Rxh7 Rxc2+ 30. Kf3 Rxb2 31. Rg7 Rd2 32. Rxg6+ Kd7 33. a4 Rxd3+ 34. Kf2 Ra3 35. Rg8 Rxa4 0-1

[Event "CYCC U16"]
[Site "Sault Ste Marie CAN"]
[Date "2017.07.08"]
[Round "5.22"]
[White "Zhao, Eric"]
[Black "Fox, Dylan"]
[Result "1-0"]
[WhiteElo "928"]
[BlackElo "1270"]
[WhiteFideId "-1"]
[WhiteFideId "-1"]
[PlyCount "97"]
[GameId "2160767908410679"]
[EventDate "2017.07.06"]
[EventType "swiss"]
[EventRounds "7"]
[EventCountry "CAN"]
[SourceTitle "hb 2017"]

1. d4 Nf6 2. c4 g6 3. Nc3 Bg7 4. Nf3 d6 5. e3 O-O 6. Be2 Nbd7 7. O-O e5 8. dxe5 Nxe5 9. h3 Qe7 10. Bd2 Bf5 11. Nxe5 Qxe5 12. f4 Qe7 13. b3 Rfe8 14. Bf3 c6 15. Rc1 Rad8 16. Re1 Ne4 17. Qe2 Nxd2 18. Qxd2 Bh6 19. Qd4 a6 20. Rcd1 Bg7 21. Qd2 Qf6 22. Rc1 Qh4 23. Rcd1 Bd7 24. Na4 h6 25. Qf2 Qf6 26. Nb6 Be6 27. Kh2 g5 28. g3 Qg6 29. g4 Bc3 30. Re2 gxf4 31. exf4 f5 32. Rg1 Kh8 33. gxf5 Qxf5 34. Qh4 Qf6 35. Qxf6+ Bxf6 36. Rg6 Bd4 37. Rgxe6 Rxe6 38. Rxe6 Bxb6 39. Rxh6+ Kg7 40. Re6 Kf7 41. Rh6 Kg7 42. Re6 Kf7 43. f5 Rh8 44. Kg3 Rg8+ 45. Bg4 Bc7 46. Kf4 b5 47. Bh5+ Kf8 48. Re8+ Kg7 49. Re7+ 1-0

[Event "CYCC U16"]
[Site "Sault Ste Marie CAN"]
[Date "2017.07.08"]
[Round "5.23"]
[White "Larivee, Nathan"]
[Black "Java, Jose"]
[Result "0-1"]
[WhiteElo "799"]
[BlackElo "1005"]
[WhiteFideId "-1"]
[WhiteFideId "-1"]
[PlyCount "92"]
[GameId "2160767908410680"]
[EventDate "2017.07.06"]
[EventType "swiss"]
[EventRounds "7"]
[EventCountry "CAN"]
[SourceTitle "hb 2017"]

1. Nf3 d5 2. e3 Nc6 3. d4 Bg4 4. Be2 f6 5. Nc3 e6 6. e4 Bb4 7. exd5 Bxc3+ 8. bxc3 Qxd5 9. c4 Qd7 10. d5 exd5 11. cxd5 Nce7 12. h3 Bxf3 13. Bxf3 O-O-O 14. c4 c6 15. dxc6 Qe6+ 16. Be3 Rxd1+ 17. Rxd1 Nxc6 18. Bg4 f5 19. Bf3 Nge7 20. O-O Qxc4 21. Bxa7 Qxa2 22. Bxc6 Nxc6 23. Bd4 Nxd4 24. Rxd4 Rd8 25. Rc1+ Kb8 26. Rxd8+ Ka7 27. Rd7 Qb2 28. Rcc7 Kb8 29. Rxg7 Qa1+ 30. Kh2 Qe5+ 31. g3 Qxc7 32. Rxc7 Kxc7 33. f4 b5 34. g4 b4 35. gxf5 Kd7 36. Kg3 Ke7 37. Kf3 b3 38. Ke4 b2 39. Ke5 b1=Q 40. f6+ Kf7 41. f5 Qe1+ 42. Kf4 Kxf6 43. Kg4 Qe3 44. h4 Qe4+ 45. Kh5 Qxf5+ 46. Kh6 Qg6# 0-1

[Event "CYCC U16"]
[Site "Sault Ste Marie CAN"]
[Date "2017.07.09"]
[Round "6.14"]
[White "Doknjas, Joshua"]
[Black "Liang, Hairan"]
[Result "0-1"]
[WhiteElo "2197"]
[BlackElo "2186"]
[WhiteFideId "-1"]
[WhiteFideId "-1"]
[PlyCount "88"]
[GameId "2160767908410681"]
[EventDate "2017.07.06"]
[EventType "swiss"]
[EventRounds "7"]
[EventCountry "CAN"]
[SourceTitle "hb 2017"]

1. e4 c5 2. Nf3 Nc6 3. Bb5 e6 4. O-O Nge7 5. b3 a6 6. Bxc6 bxc6 7. e5 Ng6 8. Bb2 Be7 9. Nc3 O-O 10. Ne4 f6 11. d4 cxd4 12. Qxd4 Qc7 13. Rfe1 c5 14. Qd3 Nxe5 15. Bxe5 fxe5 16. Neg5 g6 17. h4 d6 18. Qe4 Bd7 19. h5 Bxg5 20. Nxg5 Bc6 21. Qg4 gxh5 22. Qg3 Qg7 23. Re3 Rae8 24. Qh3 Qg6 25. Ne4 Kh8 26. Nxd6 Rd8 27. Nc4 Qxc2 28. Qg3 Rf5 29. Rc3 Qe2 30. Re3 Qc2 31. Rc3 Qe4 32. Re3 Qd4 33. Rae1 Rg8 34. Qh3 Rxg2+ 35. Qxg2 Bxg2 36. Kxg2 Qf4 37. R1e2 e4 38. Rd2 h4 39. Nd6 h3+ 40. Kh1 Qg5 41. f4 Rxf4 42. Re1 Rf1+ 43. Rxf1 Qxd2 44. Nf7+ Kg7 0-1

[Event "CYCC U16"]
[Site "Sault Ste Marie CAN"]
[Date "2017.07.09"]
[Round "6.15"]
[White "Wu, Chenxi"]
[Black "Chen, Richard"]
[Result "0-1"]
[WhiteElo "1904"]
[BlackElo "2330"]
[WhiteFideId "-1"]
[WhiteFideId "-1"]
[PlyCount "48"]
[GameId "2160767908410682"]
[EventDate "2017.07.06"]
[EventType "swiss"]
[EventRounds "7"]
[EventCountry "CAN"]
[SourceTitle "hb 2017"]

1. e4 c5 2. Nf3 e6 3. d4 cxd4 4. Nxd4 Nc6 5. Nc3 Qc7 6. f4 a6 7. Nxc6 Qxc6 8. Bd3 b5 9. Qe2 Bb7 10. Bd2 Rc8 11. a3 Nf6 12. Rf1 Be7 13. g4 b4 14. axb4 Bxb4 15. e5 Bxc3 16. Bxc3 Nd5 17. Be4 Qc5 18. Bxd5 Bxd5 19. O-O-O Qc6 20. Qd2 Qc4 21. Qd4 Qb5 22. f5 Rc4 23. Qa7 O-O 24. Rd4 Rxd4 0-1

[Event "CYCC U16"]
[Site "Sault Ste Marie CAN"]
[Date "2017.07.09"]
[Round "6.16"]
[White "Wang, Jeff"]
[Black "Li, Eric M"]
[Result "1/2-1/2"]
[WhiteElo "1939"]
[BlackElo "1992"]
[WhiteFideId "-1"]
[WhiteFideId "-1"]
[PlyCount "69"]
[GameId "2160767908410683"]
[EventDate "2017.07.06"]
[EventType "swiss"]
[EventRounds "7"]
[EventCountry "CAN"]
[SourceTitle "hb 2017"]

1. e4 c5 2. Nf3 Nc6 3. d4 cxd4 4. Nxd4 Qb6 5. Nb3 Nf6 6. Nc3 e6 7. Qe2 Be7 8. Bd2 a6 9. O-O-O O-O 10. g4 d6 11. g5 Nd7 12. h4 Qd8 13. f4 b5 14. Qh2 b4 15. Ne2 f5 16. Ned4 Ndb8 17. exf5 exf5 18. Bc4+ d5 19. Nxc6 Nxc6 20. Be3 Kh8 21. Bxd5 Qc7 22. Nd4 Bd7 23. Qg2 Rac8 24. Bxc6 Bxc6 25. Nxc6 Qxc6 26. Qxc6 Rxc6 27. Rd7 Bc5 28. Bxc5 Rxc5 29. Rhd1 Kg8 30. R7d5 Rfc8 31. Rxc5 Rxc5 32. Rd4 a5 33. Kd2 Kf7 34. h5 Ke6 35. Kd3 1/2-1/2

[Event "CYCC U16"]
[Site "Sault Ste Marie CAN"]
[Date "2017.07.09"]
[Round "6.17"]
[White "Xu, Jeffrey"]
[Black "Bremner, William"]
[Result "1-0"]
[WhiteElo "2125"]
[BlackElo "1104"]
[WhiteFideId "-1"]
[WhiteFideId "-1"]
[PlyCount "67"]
[GameId "2160767908410684"]
[EventDate "2017.07.06"]
[EventType "swiss"]
[EventRounds "7"]
[EventCountry "CAN"]
[SourceTitle "hb 2017"]

1. e4 c6 2. d4 d5 3. Nd2 dxe4 4. Nxe4 Bf5 5. Ng3 Bg6 6. Nf3 Nd7 7. h4 h6 8. h5 Bh7 9. Bd3 Bxd3 10. Qxd3 Qc7 11. Bd2 e6 12. O-O-O Ngf6 13. Kb1 O-O-O 14. Qe2 Bd6 15. Ne4 Nxe4 16. Qxe4 Nf6 17. Qe2 Rhe8 18. Qc4 e5 19. Qa4 b5 20. Qb3 e4 21. Ng1 Nd5 22. Ne2 f5 23. c4 bxc4 24. Qxc4 Kb7 25. Rh3 f4 26. Rb3+ Ka8 27. Ba5 Nb6 28. Qa6 Rb8 29. Rc1 Rec8 30. Nc3 Qd8 31. Bxb6 Rxb6 32. Rxb6 Qxb6 33. Qxc8+ Bb8 34. Nxe4 1-0

[Event "CYCC U16"]
[Site "Sault Ste Marie CAN"]
[Date "2017.07.09"]
[Round "6.18"]
[White "Zhou, Joey"]
[Black "Liu, Lambert"]
[Result "0-1"]
[WhiteElo "1563"]
[BlackElo "2188"]
[WhiteFideId "-1"]
[WhiteFideId "-1"]
[PlyCount "112"]
[GameId "2160767908410685"]
[EventDate "2017.07.06"]
[EventType "swiss"]
[EventRounds "7"]
[EventCountry "CAN"]
[SourceTitle "hb 2017"]

1. d4 f5 2. c4 Nf6 3. Nc3 d6 4. Nf3 g6 5. Bf4 Bg7 6. Qd2 h6 7. h4 Be6 8. e3 Bf7 9. Bd3 e6 10. O-O-O Nc6 11. Rhe1 Qd7 12. e4 fxe4 13. Nxe4 Nxe4 14. Bxe4 O-O-O 15. Kb1 Kb8 16. Be3 d5 17. cxd5 exd5 18. Bd3 a6 19. Rc1 Rde8 20. Qc3 Re6 21. Bf4 Rxe1 22. Rxe1 Re8 23. Rc1 Re6 24. Be3 Nd8 25. Qb3 Rb6 26. Qa3 Ne6 27. Qa5 Qe7 28. Qd2 g5 29. hxg5 hxg5 30. Bxg5 Nxg5 31. Qxg5 Qa3 32. Qd2 Bh6 33. Qc3 Qd6 34. Re1 Bf8 35. Ne5 Be6 36. f4 Bc8 37. g4 Qf6 38. f5 Bb4 39. Qc1 Bxe1 40. Qxe1 Qg5 41. Qf2 Rh6 42. Qg2 Qf4 43. Qg1 Rh2 44. f6 Be6 45. g5 Rh5 46. f7 Bxf7 47. g6 Be6 48. a3 Ka7 49. Ka2 Rg5 50. Qd1 Rg2 51. Qb3 Qxd4 52. Nf3 Qf6 53. Qb4 d4+ 54. Ka1 Qxf3 55. Qc5+ Kb8 56. Qxd4 Qd1+ 0-1

[Event "CYCC U16"]
[Site "Sault Ste Marie CAN"]
[Date "2017.07.09"]
[Round "6.19"]
[White "Horner, Blake"]
[Black "Saine, Zachary"]
[Result "1/2-1/2"]
[WhiteElo "1161"]
[BlackElo "1966"]
[WhiteFideId "-1"]
[WhiteFideId "-1"]
[PlyCount "92"]
[GameId "2160767908410687"]
[EventDate "2017.07.06"]
[EventType "swiss"]
[EventRounds "7"]
[EventCountry "CAN"]
[SourceTitle "hb 2017"]

1. d4 d5 2. c4 e6 3. Nc3 c6 4. e4 dxe4 5. Nxe4 Bb4+ 6. Bd2 Qxd4 7. Bxb4 Qxe4+ 8. Qe2 Qxe2+ 9. Bxe2 Na6 10. Ba3 c5 11. Nf3 Ne7 12. Rd1 f6 13. O-O Kf7 14. Nd2 b6 15. Ne4 Nf5 16. Bf3 Rb8 17. Nd6+ Nxd6 18. Rxd6 Ke7 19. Rfd1 Nb4 20. Bxb4 cxb4 21. Rc6 Rb7 22. Rxc8 Rxc8 23. Bxb7 Rxc4 24. b3 Rc2 25. Ra1 Rb2 26. Bc6 Kd6 27. Bf3 Ke5 28. g3 Kd4 29. Kf1 Kd3 30. Ke1 Rc2 31. a4 Rc5 32. Ra2 Kc3 33. Bd1 Rd5 34. Rc2+ Kxb3 35. Rc7+ Ka2 36. Rxa7 b3 37. Bxb3+ Kxb3 38. Rxg7 Rh5 39. Rb7 Kxa4 40. Rxb6 Re5+ 41. Kd2 Ka5 42. Rb7 h5 43. Rf7 Rf5 44. Ke3 Kb5 45. Ke2 Kc6 46. f4 Kd6 1/2-1/2

[Event "CYCC U16"]
[Site "Sault Ste Marie CAN"]
[Date "2017.07.09"]
[Round "6.20"]
[White "Chertkow, Matthew"]
[Black "Rashid, Kaden"]
[Result "1/2-1/2"]
[WhiteElo "1448"]
[BlackElo "987"]
[WhiteFideId "-1"]
[WhiteFideId "-1"]
[PlyCount "59"]
[GameId "2160767908410688"]
[EventDate "2017.07.06"]
[EventType "swiss"]
[EventRounds "7"]
[EventCountry "CAN"]
[SourceTitle "hb 2017"]

1. e4 c5 2. Nf3 Nc6 3. d4 cxd4 4. Nxd4 g6 5. Nc3 Bg7 6. Be3 Nf6 7. f3 O-O 8. Bc4 Qb6 9. Qd3 Nxe4 10. O-O Nxc3 11. bxc3 Nxd4 12. Bxd4 Bxd4+ 13. cxd4 d6 14. Rab1 Qc7 15. Qb3 Bf5 16. Rb2 Rfc8 17. Bxf7+ Kf8 18. Bd5 Bxc2 19. Qxb7 Qxb7 20. Bxb7 Rab8 21. Bxc8 Rxb2 22. Be6 Bb1 23. Rf2 Rxf2 24. Kxf2 Kg7 25. Ke3 Kf6 26. Bb3 h6 27. g3 g5 28. g4 e5 29. a3 Bg6 30. dxe5+ 1/2-1/2